000
00206nam a22000977a 4500
999
_c
16197
_d
16197
003
OSt
008
200623b ||||| |||| 00| 0 eng d
100
_a
S Narayanan
_9
4618
245
_a
Bsc Calculus
942
_c
BK